000 00687cam a2200181 i 4500
005 20251204113832.0
008 250721s2004 jo gr 000 0 ara d
082 1 4 _a214.5
_b ك و س
100 1 _aالكوسا، ماهر وليد
_eمؤلف.
245 1 0 _aتحت التراب النعيم أو العذاب :
_bلحفرة مظلمة و الدود كثير ...................... /
_cتاليف ماهر وليد الكوسا.
264 3 1 _aعمان :
_bدار الإسراءللنشر والتوزيع،
_c2004.
300 _a103 صفحه.
650 1 7 _aالوفاه.
650 1 7 _aالاسلام.
650 1 7 _aالقبر.
942 _2ddc
_cBK
999 _c88343
_d88343